000 00856nam a2200229Ia 4500
003 GCL
005 20240530105344.0
008 140319s9999 xx 000 0 ara d
040 _aGCL /
_cGCL
082 0 4 _a413
_bا ش
100 1 _aالاصمعى، ابو سعيد عبدالملك بن قريب، 740-831 م
245 1 0 _aكتاب الشاء /
_cالاصمعى، ابو سعيد عبدالملك بن قريب، 740-831 م
250 _aالأولى
260 _aبيروت :
_bدار اسامة للنشر والتوزيع ،
_c1987
300 _a112 ص ؛
_c24 سم
650 0 4 _aاللغة العربية
650 0 4 _aاللغة العربية - الالفاظ
650 0 4 _aاللغة العربية - المعاجم
650 0 4 _aاللغة العربية - الاشتقاق
700 1 _aصبيح التميمى
942 _2ddc
_cBK
999 _c55247
_d55247